00656 2200241 4500001002100000005001700021008004100038020001800079035002400097082001200121090002000133245005800153250001100211260004200222300002500264650003900289700002600328850001500354980001300369985000600382999001300388999001300401YOGYA-0209000000699320090227020953.0 ind  a979-403-215-8 0010-020900000006993 a398.903 a398.903bKamlR aKAMUS peribahasacdisunting oleh Sarwono Pusposaputro aCet. 6 aJakartabGramedia Pustaka Utamac2001 axiii, 379 hlmc21 cm abahasa Indonseia - Pepatah - Kamus aPusposaputro, Sarwono aYOPDYOG(M) a04-10-03 a2 a04P02370 a04P02371